Welcome to CU Library Online Public Access Catalogue (OPAC)

Multivariable calculus / (Record no. 1314)

MARC details
000 -LEADER
fixed length control field 00809cam a2200229 a 4500
001 - CONTROL NUMBER
control field 14080653
005 - DATE AND TIME OF LATEST TRANSACTION
control field 20241118183814.0
008 - FIXED-LENGTH DATA ELEMENTS--GENERAL INFORMATION
fixed length control field 050819s2005 njuab b 001 0 eng
020 ## - INTERNATIONAL STANDARD BOOK NUMBER
International Standard Book Number 9780471484806
050 00 - LIBRARY OF CONGRESS CALL NUMBER
Classification number QA303.2
Item number .M85 2005
082 00 - DEWEY DECIMAL CLASSIFICATION NUMBER
Classification number 515
Edition information 22
245 00 - TITLE STATEMENT
Title Multivariable calculus /
Statement of responsibility, etc. William G. McCallum ... [et al.].
250 ## - EDITION STATEMENT
Edition statement 4th ed.
260 ## - PUBLICATION, DISTRIBUTION, ETC.
Place of publication, distribution, etc. Hoboken, N.J. :
Name of publisher, distributor, etc. Wiley,
Date of publication, distribution, etc. c2005.
300 ## - PHYSICAL DESCRIPTION
Extent xii, 604-1035 p. :
Other physical details col. ill., col. maps ;
Dimensions 27 cm.
500 ## - GENERAL NOTE
General note Includes index.
650 #0 - SUBJECT ADDED ENTRY--TOPICAL TERM
Topical term or geographic name entry element Calculus
Form subdivision Textbooks.
700 1# - ADDED ENTRY--PERSONAL NAME
Personal name McCallum, William G.
856 42 - ELECTRONIC LOCATION AND ACCESS
Materials specified Publisher description
Uniform Resource Identifier <a href="http://www.loc.gov/catdir/enhancements/fy0626/2005280219-d.html">http://www.loc.gov/catdir/enhancements/fy0626/2005280219-d.html</a>
856 41 - ELECTRONIC LOCATION AND ACCESS
Materials specified Table of contents only
Uniform Resource Identifier <a href="http://www.loc.gov/catdir/enhancements/fy0626/2005280219-t.html">http://www.loc.gov/catdir/enhancements/fy0626/2005280219-t.html</a>
942 ## - ADDED ENTRY ELEMENTS (KOHA)
Source of classification or shelving scheme Library of Congress Classification
Koha item type Books
Edition 4th Ed.
Suppress in OPAC No
999 ## -
-- 1314
-- 1314
Holdings
Withdrawn status Lost status Source of classification or shelving scheme Damaged status Not for loan Collection Home library Current library Shelving location Date acquired Total checkouts Full call number Barcode Date last seen Copy number Price effective from Koha item type
    Library of Congress Classification     Non-fiction Science Library (Miotso) Science Library (Miotso) General stacks 11/18/2024   QA303 MUL SLM00000690 11/18/2024 1 11/18/2024 Books
    Library of Congress Classification     Non-fiction Science Library (Miotso) Science Library (Miotso) General stacks 11/18/2024   QA303 MUL SLM00000691 11/18/2024 2 11/18/2024 Books
    Library of Congress Classification     Non-fiction Science Library (Miotso) Science Library (Miotso) General stacks 11/18/2024   QA303 MUL SLM00000692 11/18/2024 3 11/18/2024 Books
    Library of Congress Classification     Non-fiction Science Library (Miotso) Science Library (Miotso) General stacks 11/18/2024   QA303 MUL SLM00000693 11/18/2024 4 11/18/2024 Books
    Library of Congress Classification     Non-fiction Science Library (Miotso) Science Library (Miotso) General stacks 11/22/2024   QA303 MUL SLM00000765 11/22/2024 5 11/22/2024 Books
© 2023-2024 Copyright: Central University Libraries. All Rights Reserved | Created by: Mahone Tech Office